00494nam a2200169 450000500170000001000150001702000270003203500140005903700130007308200140008610000210010024500720012126000470019327000420024030000210028270000210030320220608124043.0 aENG-133136 a9788181714923c1499.00 aEN-116668 bDBAD/PUB a591.95421 aChandra, Kailash aFaunal Diversity of Surguja District Chhattisgarh/cKailash Chandra aKolkatabZoological Survay of India c2018 aM-Block, New AliporebKolkatae700053 a472p.c25cm(hbk) aArvind Anil Boaz